000 00860nam a2200205 4500
999 _c57204
_d57204
003 Ge_BSU
005 20200115175307.0
008 200115b1970 g ||||| |||| 00| 0 geo d
041 _ageo
080 _a821.353.1-32 გ-61
100 _aგოგოლაძე, თენგიზ
_96144
245 _aკაცი კაცითა წიგნი II :
_bრომანი /
_cთენგიზ გოგოლაძე ; რედ. გრ. ჩიქოვანი.
264 _aთბილისი :
_bმერანი,
_c1970.
300 _a356 გვ. ;
_c20 სმ.
490 _aთანამედროვე ქართული რომანი
653 _aკაცი კაცითა
653 _aრომანი
700 _aჩიქოვანი, გრ.
_eრედაქტორი
_93717
942 _2udc
_cBK